Sources of Weapon System Cost Growth (Record no. 352547)
[ view plain ]
| 000 -LEADER | |
|---|---|
| fixed length control field | 00694nam a2200133Ia 4500 |
| 008 - FIXED-LENGTH DATA ELEMENTS--GENERAL INFORMATION | |
| fixed length control field | 171212s9999 xx 000 0 und d |
| 020 ## - INTERNATIONAL STANDARD BOOK NUMBER | |
| International Standard Book Number | 9780833042897 |
| 100 ## - MAIN ENTRY--PERSONAL NAME | |
| Personal name | Bolten, Joseph G.;Leonard, Robert S.;Arena, Mark V.;Younossi, Obaid;Sollinger, Jerry M. |
| 245 ## - TITLE STATEMENT | |
| Statement of responsibility, etc | Bolten, Joseph G.;Leonard, Robert S.;Arena, Mark V.;Younossi, Obaid;Sollinger, Jerry M. |
| Title | Sources of Weapon System Cost Growth |
| Remainder of title | Analysis of 35 Major Defense Acquisition Programs |
| 260 ## - PUBLICATION, DISTRIBUTION, ETC. (IMPRINT) | |
| Name of publisher, distributor, etc | RAND Corporation |
| Date of publication, distribution, etc | 2008 |
| 650 ## - SUBJECT ADDED ENTRY--TOPICAL TERM | |
| Topical term or geographic name as entry element | Technology |
| 650 ## - SUBJECT ADDED ENTRY--TOPICAL TERM | |
| Topical term or geographic name as entry element | United States -- Armed Forces -- Weapons systems -- Costs; United States. Dept. of Defense -- Procurement -- Cost control |
| 856 ## - ELECTRONIC LOCATION AND ACCESS | |
| Uniform Resource Identifier | <a href="www.jstor.org/stable/10.7249/mg670af">www.jstor.org/stable/10.7249/mg670af</a> |
| Withdrawn status | Lost status | Damaged status | Home library | Current library | Date acquired | Total Checkouts | Full call number | Date last seen | Price effective from | Koha item type |
|---|---|---|---|---|---|---|---|---|---|---|
| College Library | College Library | 12/12/2017 | UC263.S685 2008 | 12/12/2017 | 12/12/2017 | Curriculum - Based eBooks |